| 000 | 00965cam a2200277 a 4500 | ||
|---|---|---|---|
| 001 | 2388 | ||
| 005 | 20231204113411.0 | ||
| 020 | _a9780545698061 | ||
| 040 |
_aDLC _cDLC _dDLC _beng |
||
| 050 | 0 | 0 | _aPZ7.C658 |
| 082 | 0 | 0 | _a303 |
| 100 | 1 | _aCoffelt, Nancy | |
| 245 | 1 | 0 |
_aAunt Ant leaves through the leaves / _ba story with homophones and homonyms _cby Nancy Coffelt |
| 250 | _aFirst Scholastic printing in the USA | ||
| 260 |
_bScholastic, _a New York : _c2012 |
||
| 300 |
_a18 unnumbered pages : _bColor illustrations ; _c22 cm |
||
| 505 | _aJ | ||
| 520 | _aIn a homonym-filled tale reminiscent of "The little red hen," a monkey asks for help moving a stack of bananas so that he can bake a pie. | ||
| 521 |
_a470 AD
_bLexile |
||
| 521 |
_aJ
_bRaz-Plus |
||
| 650 | 1 |
_aHelpfulness _vFiction. |
|
| 650 | 1 |
_aAnimals _vFiction. |
|
| 650 | 1 |
_aEnglish language _xHomonyms. |
|
| 906 |
_a7 _bcbc _corignew _d1 _eecip _f20 _gy-gencatlg |
||
| 942 |
_2ddc _cBK _n0 |
||
| 999 |
_c2388 _d2388 |
||